| 000 | 01335nmc a2200361 a 4500 | ||
|---|---|---|---|
| 003 | AR-BaBNM | ||
| 005 | 20251128203242.0 | ||
| 008 | 011101s1968 ||||||||||||||000 | spa|| | ||
| 040 | _cAR-BaBNM | ||
| 100 | 1 | _aStinnett, T.M. | |
| 245 | 1 | 0 | _aLa profesión de enseñar |
| 260 |
_aBuenos Aires _bTroquel _c1968 |
||
| 300 |
_a144 p. _btablas |
||
| 490 | 0 | _aBiblioteca de la Nueva Educación | |
| 500 | _aContiene glosario | ||
| 500 | _aEsta publicación ha sido preparada conjuntamente por la editorial y el Centro Regional de Ayuda Técnica, Agencia para el Desarrollo Internacional AID, Departamento de Estado del Gobierno de los Estados Unidos de América. El Centro es una organización dedi | ||
| 504 | _aContiene bibliografía al final de cada capítulo | ||
| 650 | 4 | _aROL DEL DOCENTE | |
| 650 | 4 | _aCALIDAD DE LA EDUCACION | |
| 650 | 4 | _aFORMACION DE DOCENTES | |
| 650 | 4 | _aPERFIL PROFESIONAL DEL DOCENTE | |
| 650 | 4 | _aFORMACION INICIAL DE DOCENTES | |
| 650 | 4 | _aORGANIZACION DEL CURSO | |
| 650 | 4 | _aPROGRAMACION PEDAGOGICA | |
| 650 | 4 | _aFINALIDADES DE LA EDUCACION | |
| 650 | 4 | _aEXPERIENCIA DEL DOCENTE | |
| 650 | 4 | _aPRACTICA DOCENTE | |
| 650 | 4 | _aMETODOS DE ENSENANZA | |
| 700 | 1 |
_aGarcía Venturini, Jorge Luis _etraductor |
|
| 700 | 1 |
_aRivlin, Harry N. _eprologuista |
|
| 942 | _cBK | ||
| 998 | _csilvi | ||
| 999 |
_c2581 _d2581 |
||